Catálogo

METALURGIA FISICA PARA INGENIEROS : (Registro nro. 22755)

Detalles MARC
000 -LEADER
fixed length control field 00589nam a2200193 a 4500
001 - CONTROL NUMBER
control field 22755
005 - DATE AND TIME OF LATEST TRANSACTION
control field 20180713220713.0
008 - FIXED-LENGTH DATA ELEMENTS--GENERAL INFORMATION
fixed length control field 140415s2006 ck 000 0 spa d
041 ## - LANGUAGE CODE
Language code of text/sound track or separate title spa
082 ## - DEWEY DECIMAL CLASSIFICATION NUMBER
Classification number 669
Item number GUY
100 1# - MAIN ENTRY--PERSONAL NAME
Personal name GUY, ALBERT G.
245 10 - TITLE STATEMENT
Title METALURGIA FISICA PARA INGENIEROS :
Remainder of title PHYSICAL METALLURGY FOR ENGINEERS FOR ENGINEERS
250 ## - EDITION STATEMENT
Edition statement 1a ed.
260 ## - PUBLICATION, DISTRIBUTION, ETC.
Place of publication, distribution, etc. COLOMBIA :
Name of publisher, distributor, etc. FONDO EDUCATIVO INTERAMERICANA,
Date of publication, distribution, etc. 2006, 1970
300 ## - PHYSICAL DESCRIPTION
Extent 374
490 ## - SERIES STATEMENT
Series statement BILINGUA SERIE
Volume/sequential designation 2644
650 14 - SUBJECT ADDED ENTRY--TOPICAL TERM
Topical term or geographic name entry element METALURGIA FISICA
700 1# - ADDED ENTRY--PERSONAL NAME
Personal name MUÑOZ DEL CORRAL, FRANCISCO
Relator term tr.
Existencias
Withdrawn status Lost status Source of classification or shelving scheme Damaged status Not for loan Collection code Home library Current library Shelving location Date acquired Source of acquisition Total Checkouts Full call number Barcode Checked out Date last seen Date last checked out Price effective from Koha item type
    Dewey Decimal Classification     General Biblioteca Karol Wojtyla Biblioteca Karol Wojtyla Sala general 03/12/2013 Compra 2 669 GUY 43421 21/03/2020 07/03/2020 07/03/2020 03/12/2013 Libro